Comune network. Come cambia l'informazione di un ente locale (Record n. 88955)

Dettagli MARC
000 -LEADER
fixed length control field 01814nam a2200289Ia 4500
001 - CONTROL NUMBER
control field H0763
003 - CONTROL NUMBER IDENTIFIER
control field IT-RoPAU
008 - FIXED-LENGTH DATA ELEMENTS--GENERAL INFORMATION
fixed length control field 130308s9999 xx 000 0 und d
040 ## - CATALOGING SOURCE
Original cataloging agency IT-RoPAU
040 ## - CATALOGING SOURCE
Transcribing agency IT-RoPAU
041 ## - LANGUAGE CODE
Language code of text/sound track or separate title ITALIANO
100 ## - MAIN ENTRY--PERSONAL NAME
Personal name Risso Enzo
100 ## - MAIN ENTRY--PERSONAL NAME
Miscellaneous information Codice Aut. SPICS: 56462
245 ## - TITLE STATEMENT
Title Comune network. Come cambia l'informazione di un ente locale
245 ## - TITLE STATEMENT
Remainder of title Comune Network. Come cambia L'Informazione di un Ente Locale
250 ## - EDITION STATEMENT
Edition statement 1a ed.
260 ## - PUBLICATION, DISTRIBUTION, ETC. (IMPRINT)
Place of publication, distribution, etc. ROMA
260 ## - PUBLICATION, DISTRIBUTION, ETC. (IMPRINT)
Name of publisher, distributor, etc. Carocci
260 ## - PUBLICATION, DISTRIBUTION, ETC. (IMPRINT)
Date of publication, distribution, etc. 2002 [1° Ed.:2002 - Ed.Ling.Originale:2002]
300 ## - PHYSICAL DESCRIPTION
Extent "198 p. (prefazione: no ; testo: 198 [pagine: 0-0])"
500 ## - GENERAL NOTE
General note "Prefazione di Leonardo Domenici. Comune, Politica e Informazione: Crisi dei Partiti, governance e Media. Struttura di Comune Network: Riposizionamento strategico dell'Attività di Informazione. progetto Comune Network: ufficio Stampa e Lo snodo del Sistema d'informazione del Comune; Infocity, Dall'Informazione al Feedback; Sindaco Vicino, Comunicazione Diretta del Primo Cittadino; New Media e la Città Diventa Virtuale; comunicare la Cultura e raccontare la Contemporaneità. Strumenti del Comunicare: Pony Express dell'Informazione; Radio: informare in Modo Agile, veloce e Giovane; Televisione: Dalla mondializzazione Mediatica Alla Localizzazione Comunitaria; campagne Informative e Quelle Pubblicitarie; video Chat Line, Net Meeting, Forum: L'Interazione si Fa in Rete; Telefono, Sms e Wap: voce vicina del Comune. La nostra Città che Cambia: le Grandi Opere e la Comunicazione: comunicare la Trasformazione. Appendici: bilancio di un Anno di Attivita'; sondaggio di Swg; Schede. Bibliografia."
650 ## - SUBJECT ADDED ENTRY--TOPICAL TERM
Topical term or geographic name as entry element POLITICA DELLA COMUNICAZIONE SOCIALE
650 ## - SUBJECT ADDED ENTRY--TOPICAL TERM
Relator term Codice materia Spics: 3803
942 ## - ADDED ENTRY ELEMENTS (KOHA)
Koha item type LIBRO
957 ## -
-- 1
999 ## - SYSTEM CONTROL NUMBERS (KOHA)
-- 1
Dati di copia
Withdrawn status Lost status Damaged status Not for loan Home library Current library Date acquired Total Checkouts Full call number Date last seen Price effective from Koha item type Public note
    Buone Condizioni Not For Loan SPICS-MEDIATECA SPICS-MEDIATECA 08/03/2013   H0763 08/03/2013 08/03/2013 LIBRO Progressivo inserimento: 11945 / N. Volumi: 1 Copie: 1 / data import: 1 marzo 2013 - By Epidotti, Trombetti, Vaglietti.
CREDITS: SOCIETA' SAN PAOLO Via A.Severo, 58 - ROMA (RM) & PERIODICI SAN PAOLO SRL Via Giotto, 36 MILANO & CISF Via Giotto, 36 MILANO & EDIZIONI SAN PAOLO SRL,  Piazza Soncino, 5 CINISELLO BALSAMO (MI) -- ITALY